=LDR 00000nam 2200000 4500 =001 INLIS000000000012201 =005 20130612103735 =008 ***********************************Ind** =035 ##$$0010-061300000012201 =041 ##$$a Ind =082 ##$$a 530.13 =090 ##$$a 530.13, Jon t =100 ##$$a Jonoputro, B. Darmawan =245 ##$$a Teori ketidak pastian menggunakan satuan SI, oleh B. Darmawan Djono Putro =260 ##$$a 1984 $b Bandung =300 ##$$a 80 hlm, 21 cm =650 ##$$a Fisika Statistik =850 ##$$a NBPNMAT